Sports Quiz

Random Sports or WWE Quiz

Name the wwe wrestler Quiz Stats

 Plays Quiz not verified by Sporcle

Challenge
Share
Tweet
Score 0/65 Timer 20:00
0 Plays Today
% Correct
Roman Reigns
94.3%
Edge
76.2%
Goldberg
75.5%
John Cena
74.3%
Jey Uso
72.1%
Big Show
70.2%
Eddie Guerrero
68.3%
Dolph Ziggler
68.3%
Fandango
67.5%
The Undertaker
67.2%
Ryback
65.7%
Randy Orton
64.5%
Triple H
64.5%
Rikishi
63.8%
Santino Marella
62.3%
Bret Hart
62.3%
Alberto DelRio
62.3%
Ultimate Warrior
61.1%
Daniel Bryan
60%
Kofi Kingston
59.6%
Dean Ambrose
59.2%
The Miz
58.9%
Sheamus
58.1%
Rey Mysterio
58.1%
Cody Rhodes
57.4%
Kane
57.4%
The Great Khali
57.4%
Bad News Barrett
56.6%
Mark Henry
56.6%
Mick Foley
55.1%
Christian
55.1%
Sin Cara
55.1%
Vader
54.7%
% Correct
British Bulldog Davey Boy Smith
54.3%
Titus O'neil
53.6%
Rowdy Roddy Piper
53.6%
CM Punk
53.6%
Bo Dallas
53.2%
Macho Man Randy Savage
52.5%
Batista
52.1%
Shawn Michaels
51.7%
Stone Cold Steve Austin
50.6%
Brock Lesnar
50.2%
MVP
50.2%
Earthquake
49.8%
Razor Ramon
49.4%
Damien Mizdow
49.4%
Mr. Perfect Curt Hennig
48.3%
Chris Jericho
48.3%
Brodus Clay
48.3%
X-pac
47.9%
Andre The Giant
47.5%
Bobby Lashley
47.2%
John Morrison
46.8%
Sycho Sid
46%
Jake the Snake Roberts
44.9%
Big Daddy V
43.4%
The Rock
43%
Alex Riley
42.3%
Hillbilly Jim
38.9%
Vladimir Kozlov
36.2%
The Masterpiece Chris Masters
33.2%
Bam Bam Bigelow
32.5%
Sean O'Haire
21.5%
Bruno Sammartino
14.3%

You're not logged in!

Compare scores with friends on all Sporcle quizzes.
Join for Free
OR
Log In

You Might Also Like...

Show Comments

Extras

Created Apr 26, 2015ReportNominate
Tags:WWE Quiz

Top Quizzes Today


Score Distribution

Your Account Isn't Verified!

In order to create a playlist on Sporcle, you need to verify the email address you used during registration. Go to your Sporcle Settings to finish the process.

Report this User

Report this user for behavior that violates our Community Guidelines.

Details: